000 02564nab a2200217 a 4500
005 20240924070935.0
008 230306c2022 pn|ar|p|o|||| 00| 0 spa d
040 _aMX-MxUPN
_bspa
_cMX-MxUPN
_eaacr2
100 1 _aGalvis Arcila, Sebastian
_948091
245 1 0 _aSemejanzas y diferencias entre la lectura digital e impresa: una revisión documental
_h[recurso electrónico en línea]
506 0 _aAcceso abierto
520 _aEl artículo parte del estudio titulado “Lectura escolar: un acercamiento a la experiencia entre el libro digital y el libro físico” el cual tuvo por objetivo analizar la experiencia de los estudiantes de secundaria de dos instituciones educativas públicas tras una lectura comparativa del libro impreso y el libro electrónico, desde la perspectiva de los estilos de aprendizaje y la comprensión lectora. En este artículo se desarrolla uno de los componentes de esa investigación que es: conocer la experiencia de la lectura escolar en ambos formatos: digital e impreso a partir de la comparación y el análisis documental. Se halló que las similitudes entre ambos tipos de lectura son: verosimilitud, uso del lenguaje, hipertextualidad, complementos y presentación. Las diferencias se organizaron en las dimensiones: accesibilidad, distribución, uso, características, calidad, salud y costo. La metodología se basó en un análisis documental que consistió en la búsqueda de información en bases de datos especializadas, entre 2015 y 2020, como Redalyc, Scielo, Dialnet, Google Académico, Scopus y web of science, así como entre los recursos bibliográficos de la biblioteca virtual Rafael García Herreros de Uniminuto. La pesquisa documental permitió construir 80 fichas RAE utilizando criterios de selección en términos de búsqueda como lectura digital, impresa, análoga, formatos de lectura, uso de Tics como herramienta pedagógica y literatura digital; el análisis se fundamentó en la experiencia de la lectura escolar en ambos formatos, por lo que se logró determinar sus semejanzas y diferencias en una perspectiva comparativa.
650 4 _aLectura
_913351
653 _aLectura digital
653 _aRevisión bibliográfica
653 _aLibro impreso
773 0 _x2644-3775
_dPanamá : Instituto Centroamericano de Administración y Supervisión de la Educación, 2013-
_tAcción y reflexión educativa
_gNo. 47 (2022), p. 262-283
856 4 0 _uhttps://revistas.up.ac.pa/index.php/accion_reflexion_educativa/article/view/2593/2345
902 _aGloria Jiménez/060323
942 _cART-E
999 _c209267
_d209267